000 00495nam a2200169Ia 4500
999 _c12776
_d12776
003 OSt
005 20201005162132.0
008 190216s9999||||xx |||||||||||||| ||und||
040 _coclc
082 _a821.008
_bCOC/E
100 _aPeacock, Kathy Wilson
_9624
245 0 _aEnglish Verse /
_cKathy Wilson Peacock
260 _bOxford University Press,
_c1972.
_aLondon:
300 _a648p
650 _aEnglish Poetry
942 _cBK
_2ddc
_h821.008
_iCOC/E
_k821.008
_mCOC/E